000 00502nam a2200181Ia 4500
005 20250508151743.0
008 008 250505s9999 xx 000 0 hin d
037 _aTextual
040 _aFEDL
_beng
_cFEDL
041 _ahin
_2eng
084 _a891.43, SHA
_qFEDL
100 _aSharma Daya Shankar Ed.
_9759899
245 0 _aHindi gadya parijat
260 _aLucknow, India
_b Lucknow Book House
_c1950
300 _a196p
942 _cTEXL
_h891.43, SHA
999 _c1331929
_d1331929